000
00325nam a2200145Ia 4500
100
_a
Taylor Angus E
942
_c
BK
654
_a
calculus
245
_a
Calculus With analytic Geometry
260
_b
Prentice Hall of India
_a
NewJersey
_c
1959
082
_a
515.15
_b
Ree
300
_a
762
546
_a
ENGLISH
999
_c
31085
_d
31085